000 00266nam a22000977a 4500
008 230627b xxu||||| |||| 00| 0 eng d
082 _a333.9121
_bSHE
245 _aWater and Population Dynamics
_bLocal Approaches to a Global Challenge
300 _a34p
942 _2ddc
_cBK
999 _c2898
_d2898